Palau Güell : Antoni Gaudí Antoni Gaudí
Descripción Física:
1 punt de llibre ; il. col. ; 6 x 20 cm.
Idioma:
Catalán
MARC
| LEADER | 00000nrm a22000007a 4500 | ||
|---|---|---|---|
| 001 | 27186 | ||
| 003 | Arxiu | ||
| 005 | 20260324181148.0 | ||
| 008 | 221227b spa||||| |||| 00| 0 cat d | ||
| 017 | |a B 24369-2018 | ||
| 024 | |2 agdb |a cat | ||
| 245 | |a Palau Güell : |b Antoni Gaudí | ||
| 260 | |a Barcelona : |b Palau Güell : |b Diputació de Barcelona ; |c 2018 | ||
| 300 | |a 1 punt de llibre ; |b il. col. ; |c 6 x 20 cm. | ||
| 500 | |a Punt de llibre editat en motiu de l'Any europeu del patrimoni cultural (2018) | ||
| 610 | 2 | 0 | |9 17034 |a Palau Güell (Barcelona) |
| 655 | 0 | |9 52700 |a Punts de llibre | |
| 710 | 2 | |9 17034 |a Palau Güell (Barcelona) | |
| 942 | |2 udc |c ARXIU |n 1 | ||
| 952 | |0 0 |1 0 |2 udc |4 0 |6 NBM16106 |7 1 |9 64927 |a Arxiu |b Arxiu |d 2022-12-27 |l 0 |o NBM-16-106 |p 27186 |r 2022-12-27 00:00:00 |w 2022-12-27 |y ARXIU | ||
| 952 | |0 0 |1 0 |2 udc |4 0 |6 NBM16155 |7 1 |9 64977 |a Arxiu |b Arxiu |d 2023-01-10 |l 0 |o NBM-16-155 |p 27235 |r 2023-01-10 00:00:00 |w 2023-01-10 |y ARXIU | ||
| 999 | |c 82887 |d 82887 | ||